[Event "44th Rilton Cup 2014-15"]
[Site "Stockholm SWE"]
[Date "2015.01.05"]
[Round "9.20"]
[White "Tomov, Georgi"]
[Black "Habu, Yoshiharu"]
[Result "0-1"]
[WhiteTitle "FM"]
[BlackTitle "FM"]
[WhiteElo "2257"]
[BlackElo "2415"]
[WhiteFideId "2908964"]
[BlackFideId "7000537"]
[EventDate "2014.12.27"]

1. d4 Nf6 2. c4 g6 3. Nc3 Bg7 4. e4 d6 5. Nf3 O-O 6. h3 e5 7. d5 Nh5 8. g3 Na6
9. Nh2 c6 10. Be2 Nf6 11. Ng4 Bxg4 12. hxg4 Nc5 13. Qc2 cxd5 14. cxd5 Qb6 15. g5
Nfd7 16. Be3 Rfc8 17. Bg4 Qd8 18. f3 a6 19. a4 b5 20. axb5 axb5 21. Rxa8 Rxa8
22. b4 Ra1+ 23. Nd1 Na4 24. Bxd7 Qxd7 25. Qc6 Qd8 26. O-O Bf8 27. Qxb5 Qc8 28.
Nf2 Rxf1+ 29. Kxf1 Qc2 30. Kg2 Nb2 31. Ba7 Nc4 32. Qa6 Qe2 33. Qa1 h6 34. Qc3
hxg5 35. b5 Be7 36. Qd3 Qa2 37. Be3 Bd8 38. g4 Qa4 39. b6 Nxe3+ 40. Qxe3 Qb5 41.
Qa3 Bxb6 42. Nd3 Bd4 43. Kf1 Qc4 44. Ke2 Qc2+ 45. Kf1 Qd1+ 46. Ne1 Qd2 47. Nd3
Qe3 48. Qa6 Qxf3+ 49. Ke1 Bc3# 0-1

[Event "44th Rilton Cup 2014-15"]
[Site "Stockholm SWE"]
[Date "2015.01.05"]
[Round "9.21"]
[White "Bellon Lopez, Juan Manuel"]
[Black "Szente Varga, Fruzsina"]
[Result "1-0"]
[WhiteTitle "GM"]
[WhiteElo "2381"]
[BlackElo "2202"]
[WhiteFideId "2200031"]
[BlackFideId "712264"]
[EventDate "2014.12.27"]

1. d4 Nf6 2. Bg5 d5 3. Bxf6 exf6 4. e3 c6 5. c4 dxc4 6. Bxc4 Bd6 7. Nc3 O-O 8.
Rc1 f5 9. Nf3 Nd7 10. Qc2 Nf6 11. Bd3 g6 12. h4 h5 13. Ng5 Nh7 14. Nxh7 Kxh7 15.
a3 Be6 16. g3 Rc8 17. O-O b5 18. Rfd1 a6 19. Be2 Qc7 20. Bf3 Rfd8 21. Ne2 Qb6
22. Nf4 Bxf4 23. gxf4 Bd5 24. Qe2 Bxf3 25. Qxf3 c5 26. Kh2 c4 27. Kg3 Kg7 28.
Rc2 Qc6 29. Rdc1 Qxf3+ 30. Kxf3 Kf6 31. Ke2 Ke6 32. Kd2 Rb8 33. Rc3 Kd5 34. f3
Rb6 35. b3 Rc8 36. a4 Rbc6 37. axb5 axb5 38. bxc4+ Rxc4 39. Kd3 Re8 40. R1c2 Re7
41. Re2 Re8 42. Rb3 Kc6 43. Ra2 Ra4 44. Rc2+ Kd6 45. Rc5 Ra1 46. Rcxb5 Rd1+ 47.
Ke2 Rh1 48. Rb7 Rxh4 49. R3b6+ Kd5 50. Kd3 1-0

[Event "44th Rilton Cup 2014-15"]
[Site "Stockholm SWE"]
[Date "2015.01.05"]
[Round "9.22"]
[White "Jere, Daniel"]
[Black "Thingstad, Even"]
[Result "0-1"]
[WhiteTitle "IM"]
[WhiteElo "2370"]
[BlackElo "2243"]
[WhiteFideId "8700249"]
[BlackFideId "1506439"]
[EventDate "2014.12.27"]

1. c4 c6 2. g3 d5 3. Bg2 Nf6 4. Nf3 Bg4 5. Ne5 Be6 6. cxd5 Bxd5 7. Nf3 c5 8. O-O
e6 9. b3 Be7 10. Bb2 O-O 11. d3 Nbd7 12. Nbd2 b5 13. Qc2 Qb6 14. a4 a6 15. Bc3
Bb7 16. e4 Nb8 17. Ne5 Nc6 18. Nxc6 Qxc6 19. Rfc1 Rac8 20. axb5 axb5 21. Qb2
Rfd8 22. Nf3 b4 23. Bxb4 Qb5 24. Bc3 Qxd3 25. Ne5 Qb5 26. Ra5 Qe8 27. Qe2 Ra8
28. Nc4 Qc6 29. Qb2 Ne8 30. Ne3 Bf8 31. Rca1 Rxa5 32. Bxa5 Ra8 33. Bd2 Rxa1+ 34.
Qxa1 Nc7 35. Qa5 Nb5 36. e5 Qd7 37. Bxb7 Qxb7 38. Nc2 Na7 39. Be3 Nc6 40. Qc3
Qb5 41. f4 Na5 42. Na1 h5 43. Bd2 Nc6 44. Qc4 Qb7 45. Nc2 Qd7 46. Qc3 Qd5 47.
Be1 Qd1 48. Kg2 Na5 49. b4 cxb4 50. Nxb4 Qe2+ 51. Kg1 Nc4 0-1

[Event "44th Rilton Cup 2014-15"]
[Site "Stockholm SWE"]
[Date "2015.01.05"]
[Round "9.23"]
[White "Rydstrom, Tom"]
[Black "Luukkonen, Tommi"]
[Result "0-1"]
[BlackTitle "FM"]
[WhiteElo "2243"]
[BlackElo "2334"]
[WhiteFideId "1714830"]
[BlackFideId "501808"]
[EventDate "2014.12.27"]

1. e4 c5 2. Nf3 d6 3. c3 Nf6 4. Qc2 Qc7 5. Bc4 a6 6. a4 Nc6 7. d4 Bg4 8. d5 Bxf3
9. gxf3 Na5 10. Be2 c4 11. Be3 e6 12. dxe6 fxe6 13. Nd2 Be7 14. f4 Qc6 15. Rg1
O-O 16. Rg5 e5 17. Bf3 Nd7 18. Rh5 g6 19. Rh6 exf4 20. e5 d5 21. Bd4 Kg7 22. Rh3
Qe6 23. Bg2 Nxe5 24. O-O-O Nc6 25. Nf3 Nxd4 26. Nxd4 Qg4 27. Bf1 Nd3+ 28. Rhxd3
cxd3 29. Qxd3 f3 30. Re1 Bg5+ 31. Kc2 Rae8 32. h3 Qd7 33. Ra1 Bh4 34. Qd2 Qd6
35. Bd3 Qh2 36. Rf1 Qxh3 37. Qc1 Qg2 38. Nf5+ Rxf5 39. Bxf5 gxf5 40. Rg1 Kh8 41.
Rxg2 fxg2 42. Qg1 Rg8 0-1

[Event "44th Rilton Cup 2014-15"]
[Site "Stockholm SWE"]
[Date "2015.01.05"]
[Round "9.24"]
[White "Lindgren, Philip"]
[Black "Mikalsen, Erlend"]
[Result "1-0"]
[WhiteTitle "FM"]
[WhiteElo "2332"]
[BlackElo "2164"]
[WhiteFideId "1713230"]
[BlackFideId "1507338"]
[EventDate "2014.12.27"]

1. d4 Nf6 2. c4 e6 3. g3 c5 4. d5 exd5 5. cxd5 d6 6. Nc3 g6 7. Bg2 Bg7 8. Nf3
O-O 9. O-O Re8 10. Bf4 Ne4 11. Nxe4 Rxe4 12. Nd2 Re8 13. Nc4 Bf8 14. a4 b6 15.
e4 Ba6 16. b3 Nd7 17. Qc2 Bxc4 18. bxc4 Bg7 19. Rab1 Qe7 20. a5 Bd4 21. Kh1 Reb8
22. a6 Re8 23. Bd2 Nb8 24. Qa2 Qd7 25. Rb3 Qc8 26. Ra3 Nd7 27. Bc3 Qd8 28. Qb2
Bxc3 29. Rxc3 Qf6 30. Qb3 Re7 31. f4 Rae8 32. Re3 Qg7 33. Rfe1 Nb8 34. Qb5 Qd4
35. e5 Nd7 36. Bh3 Nf8 37. Re4 Qd3 38. Qc6 Rd8 39. e6 f5 40. Bf1 Qa3 41. R4e3
Qxa6 42. h3 h5 43. g4 hxg4 44. hxg4 fxg4 45. Rg3 Qa2 46. Kg1 Qd2 47. Re4 Qd1 48.
Qb5 Nh7 49. Qb2 Rf8 50. Rd3 Qa4 51. Ra3 Qe8 52. Rg3 Nf6 53. Re2 Rh7 54. Rh2 Qe7
55. Bd3 Qg7 56. f5 gxf5 57. Bxf5 Rxh2 58. Qxh2 Qg5 59. Rxg4 1-0

[Event "44th Rilton Cup 2014-15"]
[Site "Stockholm SWE"]
[Date "2015.01.05"]
[Round "9.26"]
[White "Norlin, Egor"]
[Black "Gagarin, Vasilij"]
[Result "1/2-1/2"]
[BlackTitle "IM"]
[WhiteElo "2186"]
[BlackElo "2289"]
[WhiteFideId "1713973"]
[BlackFideId "4103610"]
[EventDate "2014.12.27"]

1. d4 f5 2. c4 Nf6 3. Nc3 g6 4. Nf3 Bg7 5. g3 O-O 6. Bg2 d6 7. O-O c6 8. Qc2 Na6
9. Rd1 Qe8 10. d5 Bd7 11. Be3 h6 12. Qb3 c5 13. Qxb7 Nb4 14. Rac1 a5 15. a3 Rb8
16. Qa7 Ra8 17. Qb7 Rb8 18. Qa7 Ra8 1/2-1/2

[Event "44th Rilton Cup 2014-15"]
[Site "Stockholm SWE"]
[Date "2015.01.05"]
[Round "9.27"]
[White "Kassani, Sam"]
[Black "Olund, Joar"]
[Result "1/2-1/2"]
[BlackTitle "FM"]
[WhiteElo "2086"]
[BlackElo "2291"]
[WhiteFideId "1709089"]
[BlackFideId "1714848"]
[EventDate "2014.12.27"]

1. d4 Nf6 2. Nf3 c5 3. e3 g6 4. dxc5 Qa5+ 5. Nbd2 Bg7 6. a3 Qxc5 7. b4 Qc7 8.
Bb2 O-O 9. Be2 b6 10. O-O Bb7 11. c4 d6 12. Rc1 Nbd7 13. h3 e5 14. Qb3 a5 15.
Rfd1 Bc6 16. c5 bxc5 17. b5 Rab8 18. a4 e4 19. Ne1 Ba8 20. Qa3 d5 21. Nb3 Rfc8
22. Bc3 Bf8 23. Qa1 Qd6 24. Nxa5 Qe6 25. Nc2 Bd6 26. Qa2 Ne5 27. Ne1 g5 28. Qa1
g4 29. Nc4 d4 30. Nxd6 gxh3 31. Nxc8 hxg2 32. Ne7+ Kf8 33. Bxd4 Qh3 34. Nxg2
Nf3+ 35. Bxf3 exf3 36. Nf4 Qg4+ 37. Kf1 Qh4 38. Ke1 Ne4 39. Neg6+ hxg6 40. Nxg6+
fxg6 41. Bxc5+ Kg8 42. Qa2+ Kg7 43. Rd7+ Kh6 44. Rh7+ Kxh7 45. Qf7+ Kh6 46. Bf8+
Kh5 47. Qh7+ Kg4 48. Qd7+ 1/2-1/2

[Event "44th Rilton Cup 2014-15"]
[Site "Stockholm SWE"]
[Date "2015.01.05"]
[Round "9.28"]
[White "Lissang, Christopher"]
[Black "Berglind, Axel"]
[Result "1-0"]
[WhiteElo "2273"]
[BlackElo "1972"]
[WhiteFideId "1709615"]
[BlackFideId "1720228"]
[EventDate "2014.12.27"]

1. c4 c6 2. e4 d5 3. exd5 cxd5 4. cxd5 Nf6 5. Bb5+ Bd7 6. Bc4 Qc7 7. d3 b5 8.
Bb3 a5 9. a4 bxa4 10. Bc4 Na6 11. Nc3 Nb4 12. Nge2 Qb7 13. Nf4 g5 14. Nh5 Nbxd5
15. O-O g4 16. Qe1 Bc6 17. Nxd5 Nxd5 18. Bxd5 Bxd5 19. Qe5 Bxg2 20. Nf6+ Kd8 21.
Qd4+ Kc8 22. Bf4 exf6 23. Rac1+ Bc6 24. Qxf6 Kd7 25. Qxh8 Bh1 26. Rc7+ 1-0

[Event "44th Rilton Cup 2014-15"]
[Site "Stockholm SWE"]
[Date "2015.01.05"]
[Round "9.29"]
[White "Ertan, Can"]
[Black "Henriksson, Johan"]
[Result "1-0"]
[WhiteTitle "FM"]
[BlackTitle "FM"]
[WhiteElo "2224"]
[BlackElo "2267"]
[WhiteFideId "6306330"]
[BlackFideId "1703560"]
[EventDate "2014.12.27"]

1. e4 c6 2. d4 d5 3. e5 Bf5 4. Nf3 e6 5. Nbd2 c5 6. dxc5 Bxc5 7. Nb3 Bb6 8. Bg5
Qc7 9. c4 dxc4 10. Rc1 Nc6 11. Bxc4 h6 12. Bf4 Rd8 13. Qe2 Nge7 14. O-O O-O 15.
h3 Rd7 16. Rfd1 Rfd8 17. Rd6 Ng6 18. Rxd7 Qxd7 19. Be3 Bd3 20. Bxd3 Qxd3 21.
Qxd3 Rxd3 22. Nc5 Bxc5 23. Rxc5 Rd1+ 24. Kh2 Rd5 25. Rxd5 exd5 26. Bc5 Ngxe5 27.
Nxe5 Nxe5 28. Bxa7 Nc6 29. Bc5 f5 30. Kg3 Kf7 31. Kf4 Ke6 32. Ke3 h5 33. a4 g5
34. b4 f4+ 35. Kd3 Ne5+ 36. Ke2 Nd7 37. Bd4 Nf8 38. a5 Kd7 39. b5 Ne6 40. Bb6 g4
41. hxg4 hxg4 42. f3 g3 43. Kd3 Kd6 44. Bd4 Nc7 45. Ba7 Ne6 46. Kc3 Kc7 47. Kb4
Kd6 48. Bb8+ Kd7 49. Be5 Kc8 50. a6 b6 51. Kc3 d4+ 52. Kc4 Ng5 53. Bxf4 1-0

[Event "44th Rilton Cup 2014-15"]
[Site "Stockholm SWE"]
[Date "2015.01.05"]
[Round "9.30"]
[White "Vistisen, Lars"]
[Black "Sarandos, Vasilios"]
[Result "1-0"]
[WhiteElo "2129"]
[BlackElo "2245"]
[WhiteFideId "1404598"]
[BlackFideId "4203542"]
[EventDate "2014.12.27"]

1. e4 e6 2. Qe2 c5 3. Nf3 Nc6 4. g3 Nf6 5. c3 d5 6. e5 Nd7 7. d4 a5 8. Be3 a4 9.
Qc2 Qa5 10. Nbd2 cxd4 11. Bxd4 Qc7 12. Bb5 Nxd4 13. Nxd4 Qxe5+ 14. Kf1 a3 15.
Re1 Qf6 16. f4 Be7 17. N2f3 O-O 18. b4 g6 19. Kg2 Nb6 20. Ne5 Rd8 21. Qf2 Nd7
22. Ng4 Qg7 23. Rxe6 Nf6 24. Rxe7 Bxg4 25. h3 Bd7 26. Bxd7 Rxd7 27. Rxd7 Nxd7
28. Re1 Nf6 29. Re5 Qf8 30. Qe3 Qd8 31. Re7 Ne4 32. Rxb7 Qc8 33. Rb5 Qxc3 34.
Qxc3 Nxc3 35. Ra5 Rb8 36. b5 Rb7 37. Rxa3 Nxb5 38. Rb3 Nd6 39. Rxb7 Nxb7 40. a4
Nc5 41. a5 Kf8 42. Nc6 Na6 43. Kf3 Ke8 44. Ke3 Kd7 45. Ne5+ Ke6 46. Kd4 f5 47.
Nf3 Kd6 48. Ng5 Nb8 49. Nxh7 Nc6+ 50. Kd3 Nxa5 51. Nf8 Nb3 52. Nxg6 Nc5+ 53. Ke3
Ne4 54. g4 fxg4 55. hxg4 Ke6 56. Nh4 Nf6 57. f5+ Ke7 58. Kf4 Kf7 59. g5 Nd7 60.
Nf3 Kg7 61. Ke3 Nc5 62. Kd4 Ne4 63. Kxd5 Nc3+ 64. Ke5 Na4 65. f6+ Kf7 66. Kf5
Nc5 67. g6+ Kg8 68. Nd4 Nd7 69. Ne6 Kh8 70. f7 1-0

[Event "44th Rilton Cup 2014-15"]
[Site "Stockholm SWE"]
[Date "2015.01.05"]
[Round "9.31"]
[White "Haug, Johannes"]
[Black "Johansson, Gunnar"]
[Result "1/2-1/2"]
[WhiteElo "2121"]
[BlackElo "2231"]
[WhiteFideId "1509268"]
[BlackFideId "1703501"]
[EventDate "2014.12.27"]

1. e4 c5 2. Nf3 e6 3. c3 Nf6 4. e5 Nd5 5. d4 cxd4 6. cxd4 d6 7. a3 Nc6 8. Bd3
dxe5 9. dxe5 g6 10. O-O Bg7 11. Re1 O-O 12. Qe2 Qc7 13. Bd2 Rd8 14. b4 a6 15.
Ra2 b5 16. Rc2 Bb7 17. Nc3 Nxc3 18. Bxc3 Rac8 19. Bb2 Qb8 20. Be4 Ne7 21. Bxb7
Qxb7 22. Rec1 Rxc2 23. Rxc2 Rc8 24. Ne1 Rxc2 25. Qxc2 Qd5 26. Qd3 Qxd3 1/2-1/2

[Event "44th Rilton Cup 2014-15"]
[Site "Stockholm SWE"]
[Date "2015.01.05"]
[Round "9.32"]
[White "Furhoff, Johan"]
[Black "Thompson, Ian D"]
[Result "1-0"]
[WhiteTitle "IM"]
[BlackTitle "FM"]
[WhiteElo "2321"]
[BlackElo "2195"]
[WhiteFideId "1701797"]
[BlackFideId "405205"]
[EventDate "2014.12.27"]

1. e4 e6 2. d4 d5 3. Nd2 Nf6 4. e5 Nfd7 5. c3 c5 6. f4 Nc6 7. Ndf3 Qb6 8. Ne2
Be7 9. g3 O-O 10. Bh3 cxd4 11. cxd4 Ndb8 12. Nc3 f6 13. O-O a5 14. Rf2 Na6 15.
Be3 Qd8 16. Rc1 Nc7 17. Na4 Na6 18. exf6 gxf6 19. Qb3 Bd7 20. f5 Ncb4 21. fxe6
Bxa4 22. Qxa4 Nd3 23. Nh4 Nxf2 24. Bxf2 Qb6 25. Qd1 f5 26. Nxf5 Bf6 27. e7 Rfe8
28. Qg4+ Kh8 29. Re1 Rg8 30. Qf4 Nc7 31. Nd6 Ne8 32. Nxe8 Raxe8 33. Re6 1-0

[Event "44th Rilton Cup 2014-15"]
[Site "Stockholm SWE"]
[Date "2015.01.05"]
[Round "9.35"]
[White "Ask, Josef"]
[Black "Wikner, Arvid"]
[Result "0-1"]
[WhiteElo "2181"]
[BlackElo "2281"]
[WhiteFideId "1704583"]
[BlackFideId "1702262"]
[EventDate "2014.12.27"]

1. e4 c5 2. d3 Nc6 3. f4 d5 4. Be2 dxe4 5. dxe4 Qxd1+ 6. Bxd1 b6 7. c3 Bb7 8.
Nf3 Nf6 9. e5 Nd5 10. e6 fxe6 11. Bc2 g6 12. h4 Bh6 13. Be4 Bxf4 14. Na3 Bg3+
15. Kf1 O-O-O 16. Bh6 Nf6 17. Bc2 Ng4 18. Bg5 h6 19. Bc1 Ba6+ 20. c4 Nb4 21. Ba4
Rhf8 22. Ke2 e5 23. Rh3 Bf4 24. Bxf4 Rxf4 25. h5 g5 26. g3 Re4+ 27. Kf1 Rf8 28.
Kg2 Re2+ 29. Kg1 Rxf3 30. Bd1 Re1+ 31. Kg2 Rf2# 0-1

[Event "44th Rilton Cup 2014-15"]
[Site "Stockholm SWE"]
[Date "2015.01.05"]
[Round "9.36"]
[White "Bergstrom, Rolf"]
[Black "Adler, Bo"]
[Result "1-0"]
[WhiteTitle "FM"]
[WhiteElo "2262"]
[BlackElo "2210"]
[WhiteFideId "1702386"]
[BlackFideId "1702149"]
[EventDate "2014.12.27"]

1. e4 e5 2. Nf3 Nc6 3. Nc3 Nf6 4. Bb5 Nd4 5. Nxd4 exd4 6. e5 dxc3 7. exf6 Qxf6
8. dxc3 Be7 9. O-O O-O 10. Bd3 d5 11. Qh5 h6 12. Qxd5 Rd8 13. Qe4 g6 14. Bxh6
Bf5 15. Qf4 Rxd3 16. cxd3 g5 17. Qf3 Kh7 18. Rfe1 Bd6 19. g4 Qxh6 20. Qxf5+ Kg7
21. Re5 f6 22. Re6 Rf8 23. Kf1 Qxh2 24. Ke2 Rf7 25. Rf1 Bf4 26. Qe4 Qh3 27. Qf3
Qh8 28. Rh1 Qb8 29. Qe4 f5 1-0

[Event "44th Rilton Cup 2014-15"]
[Site "Stockholm SWE"]
[Date "2015.01.05"]
[Round "9.37"]
[White "Merkesvik, Sondre"]
[Black "Svorono, Gabriel"]
[Result "1/2-1/2"]
[WhiteElo "2218"]
[BlackElo "1884"]
[WhiteFideId "1514350"]
[BlackFideId "1715623"]
[EventDate "2014.12.27"]

1. c4 c5 2. Nf3 Nc6 3. g3 g6 4. Bg2 Bg7 5. Nc3 d6 6. O-O Nf6 7. e3 O-O 8. d4 a6
9. Qc2 Bg4 10. Rd1 Qc8 11. b3 e5 12. d5 Ne7 13. e4 Ne8 14. Re1 f5 15. h3 fxe4
16. Nxe4 Bxh3 17. Bxh3 Qxh3 18. Nfg5 Qd7 19. Ne6 Rf7 20. N6g5 Rf8 21. Ne6 Rf7
22. N6g5 Rf8 23. Ne6 1/2-1/2

[Event "44th Rilton Cup 2014-15"]
[Site "Stockholm SWE"]
[Date "2015.01.05"]
[Round "9.38"]
[White "Bit-Narva, David"]
[Black "Hammar, Bengt"]
[Result "1/2-1/2"]
[BlackTitle "FM"]
[WhiteElo "1996"]
[BlackElo "2211"]
[WhiteFideId "24128856"]
[BlackFideId "1700391"]
[EventDate "2014.12.27"]

1. e4 c5 2. Nc3 d6 3. g3 Nc6 4. Bg2 g6 5. d3 Bg7 6. Be3 Rb8 7. Qd2 e6 8. Nge2
Nd4 9. Bxd4 cxd4 10. Nb5 Qb6 11. a4 Ne7 12. Qb4 O-O 13. Qxd6 Nc6 14. O-O a6 15.
Na3 Rd8 16. Nc4 Qa7 17. Qf4 Qc5 18. Rab1 b5 19. b4 Qa7 20. axb5 axb5 21. Ra1 Qd7
22. Na5 e5 23. Qd2 Bf8 24. Nxc6 Qxc6 25. f4 Bh6 26. Qd1 Qd6 27. fxe5 Be3+ 28.
Kh1 Qxb4 29. Nf4 Qe7 30. Nd5 Qxe5 31. Qf3 Be6 32. Ne7+ Kg7 33. Nc6 Qc7 34. Qf6+
Kh6 35. Nxd8 Rxd8 36. Ra7 Qxa7 37. Qxd8 Qc5 38. Qh4+ Kg7 39. Qf6+ Kh6 40. Qh4+
Kg7 41. Qd8 Bg5 42. Qb8 b4 43. h4 Be7 44. Qf4 f6 45. Qf2 Qe5 46. Qf4 Qc5 47. Qf2
Qe5 1/2-1/2

[Event "44th Rilton Cup 2014-15"]
[Site "Stockholm SWE"]
[Date "2015.01.05"]
[Round "9.39"]
[White "Lindbergh, Theodor"]
[Black "Rahul Kumar, Pune"]
[Result "1-0"]
[WhiteElo "2128"]
[BlackElo "2169"]
[WhiteFideId "1716956"]
[BlackFideId "5010969"]
[EventDate "2014.12.27"]

1. d4 Nf6 2. Nf3 e6 3. Bf4 c5 4. c3 Nc6 5. e3 Be7 6. h3 b6 7. Bd3 Bb7 8. Nbd2
cxd4 9. exd4 h6 10. Qe2 d5 11. O-O a6 12. Rfe1 b5 13. Ne5 Nxe5 14. Bxe5 O-O 15.
Bc2 Ne8 16. Qd3 f5 17. Bh2 Bc8 18. Nf3 Rf6 19. Ne5 Bf8 20. a4 b4 21. a5 Bb7 22.
Ba4 bxc3 23. bxc3 Rc8 24. Rab1 Rc7 25. Bxe8 Qxe8 26. Ng4 Rff7 27. Bxc7 Rxc7 28.
Ne5 Qc8 29. Rb3 Bd6 30. Qd2 Qe8 31. Qb2 Qe7 32. Rb6 Bc8 33. Qd2 Bxe5 34. Rxe5
Qa3 35. Re3 Qxa5 36. Rb8 Rc6 37. Rg3 Kh7 38. Qf4 Qc7 39. Qxc7 Rxc7 40. f4 Rc6
41. Kf2 Kg8 42. Ra8 Kf8 43. Ra7 g5 44. fxg5 hxg5 45. Rxg5 e5 46. dxe5 Be6 47.
Rg6 1-0

[Event "44th Rilton Cup 2014-15"]
[Site "Stockholm SWE"]
[Date "2015.01.05"]
[Round "9.40"]
[White "Cafaro, Luca"]
[Black "Naslund, Mikael"]
[Result "0-1"]
[BlackTitle "FM"]
[WhiteElo "2054"]
[BlackElo "2150"]
[WhiteFideId "859818"]
[BlackFideId "1708260"]
[EventDate "2014.12.27"]

1. e4 c5 2. Nf3 e6 3. d4 cxd4 4. Nxd4 a6 5. c4 Nf6 6. Nc3 Qc7 7. a3 b6 8. Be2
Bb7 9. f3 d6 10. O-O Be7 11. Be3 O-O 12. Rc1 Nbd7 13. b4 Rac8 14. Kh1 Qb8 15.
Nb3 Rfe8 16. Bg1 h5 17. Na4 Bd8 18. c5 dxc5 19. bxc5 b5 20. Nb2 Be7 21. a4 Red8
22. Qc2 h4 23. axb5 axb5 24. Rfd1 Ba8 25. Bf1 Ne5 26. Rxd8+ Bxd8 27. Qe2 h3 28.
Nd4 hxg2+ 29. Bxg2 b4 30. Qb5 Qxb5 31. Nxb5 Be7 32. f4 Ng6 33. Nd3 Nh4 34. Na7
Rd8 35. Nf2 Nxg2 36. Kxg2 Nxe4 37. c6 Nc3 38. Kf1 Re8 39. Nd3 Bd6 40. Bb6 Nd5
41. Ba5 Rb8 42. c7 Bxc7 43. Bxc7 Rb7 44. Bd6 Rxa7 45. Nxb4 Nxb4 46. Bxb4 Ra2 47.
Rd1 Bd5 48. Rd2 Ra4 49. Rd4 Ra1+ 50. Be1 Rc1 51. Ke2 Kh7 52. Bg3 Kg6 53. Ke3 Kf5
54. Rd2 Ra1 55. Rd4 Ra2 56. Rd2 Ra4 57. Rd4 Ra1 58. Rd2 f6 59. Rd4 Rb1 60. Rd2
Bc4 61. Rd7 Rb3+ 62. Kd2 g5 63. fxg5 Kxg5 64. Rg7+ Kf5 65. Rh7 Rd3+ 66. Ke1 Rf3
67. Rh5+ Ke4 68. Rh4+ Kd3 69. Rf4 Re3+ 70. Kf2 f5 71. Rxc4 Rxg3 72. Rc6 Rg6 73.
Kf3 Kd4 74. Rd6+ Ke5 75. Rd1 Rg4 76. Re1+ Kf6 77. Ra1 e5 78. Ra6+ Kg5 79. Ra8
e4+ 80. Ke3 Rh4 81. Rg8+ Kf6 82. Rf8+ Ke6 83. Re8+ Kf7 84. Ra8 Rxh2 85. Ra6 Rh3+
86. Kf2 Rd3 87. Rb6 Ke7 88. Rh6 Rd6 89. Rh8 Ke6 90. Re8+ Kf6 91. Ke2 Re6 92.
Rf8+ Ke5 93. Ke3 Rd6 94. Re8+ Kf6 95. Rf8+ Ke6 96. Re8+ Kf7 97. Rh8 Rd3+ 98. Ke2
Kf6 99. Rf8+ Ke5 100. Rh8 Kf4 101. Rh4+ Kg3 102. Rh8 Ra3 103. Rh7 Kf4 104. Rh4+
Ke5 105. Rh5 Rg3 106. Kf2 Rf3+ 107. Ke2 Kf4 108. Rh4+ Kg3 109. Rh8 Ra3 110. Rh7
f4 111. Rg7+ Kh2 112. Rh7+ Kg2 113. Rg7+ Rg3 114. Rf7 f3+ 115. Ke3 Kg1 116. Rf8
f2+ 117. Ke2 Rf3 118. Rg8+ Kh2 119. Rh8+ Kg2 120. Rg8+ Rg3 121. Rf8 e3 122. Rf6
Kg1 123. Rf8 Rg2 0-1

[Event "44th Rilton Cup 2014-15"]
[Site "Stockholm SWE"]
[Date "2015.01.05"]
[Round "9.41"]
[White "Evertsson, Lennart"]
[Black "Liedbeck, Patrik"]
[Result "1-0"]
[WhiteElo "2130"]
[BlackElo "2016"]
[WhiteFideId "1705156"]
[BlackFideId "1718975"]
[EventDate "2014.12.27"]

1. c4 Nf6 2. Nf3 g6 3. Nc3 Bg7 4. d4 d5 5. Bg5 Ne4 6. cxd5 Nxg5 7. Nxg5 e6 8.
Qa4+ c6 9. dxc6 Nxc6 10. Nf3 Bxd4 11. O-O-O e5 12. e3 Bxe3+ 13. fxe3 Qb6 14. Nd5
Qc5+ 15. Qc4 Qxc4+ 16. Bxc4 O-O 17. e4 Kg7 18. Ne3 h5 19. Rd6 Bg4 20. Ng5 Nd4
21. Kd2 Rad8 22. Rxd8 Rxd8 23. Bd5 f6 24. h3 Bd7 25. Nf7 Rf8 26. Nd6 Bc6 27.
Bxc6 bxc6 28. Kc3 Rd8 29. Nec4 Rd7 30. Kb4 Kf8 31. g4 h4 32. g5 fxg5 33. Rf1+
Ke7 34. Nf7 1-0

[Event "44th Rilton Cup 2014-15"]
[Site "Stockholm SWE"]
[Date "2015.01.05"]
[Round "9.42"]
[White "Orndahl, Markus"]
[Black "Engstrom, Kaj"]
[Result "1-0"]
[WhiteElo "2188"]
[BlackElo "2261"]
[WhiteFideId "1709135"]
[BlackFideId "1701134"]
[EventDate "2014.12.27"]

1. d4 d5 2. Nf3 e6 3. Bf4 c5 4. c3 Nc6 5. e3 Bd6 6. Bg3 Nf6 7. Nbd2 O-O 8. Bd3
Re8 9. Ne5 Bxe5 10. dxe5 Nd7 11. Qc2 Ndxe5 12. Bxh7+ Kh8 13. Nf3 Nxf3+ 14. gxf3
Qf6 15. Bd3 Qxf3 16. Rg1 e5 17. Be2 Qf5 18. Qb3 d4 19. e4 Qxe4 20. Qxf7 Bg4 21.
f3 Qf5 22. Qxb7 dxc3 23. bxc3 Nd4 24. cxd4 exd4 25. fxg4 Rxe2+ 26. Kxe2 Re8+ 27.
Kd2 Qg5+ 28. Kd3 Qe3+ 29. Kc4 Qc3+ 30. Kb5 Qb4+ 31. Kc6 Re6+ 32. Kd7 Qxb7+ 33.
Kxe6 c4 34. g5 Qe4+ 35. Be5 Qc6+ 36. Bd6 Qe4+ 37. Be5 Qc6+ 38. Ke7 Qb7+ 39. Kd6
Qb6+ 40. Kd5 Qb7+ 41. Kxc4 Qc6+ 42. Kxd4 Qb6+ 43. Ke4 Qc6+ 44. Kf4 Qc4+ 45. Ke3
Qe6 46. Ke4 Qc4+ 47. Bd4 Qe2+ 48. Be3 Qc2+ 49. Kf3 Qf5+ 50. Bf4 Qd3+ 51. Be3
Qd5+ 52. Kg3 Kh7 53. g6+ Kxg6 54. Kf2+ Kh7 55. Rg3 Qe5 56. Re1 Qd5 57. Kg1 a5
58. a3 a4 59. Bf2 Kg8 60. h3 Qd2 61. Re7 Kh8 62. Re8+ Kh7 63. Re5 Qf4 64. Rh5+
Kg8 65. Rhg5 Kh8 66. R5g4 Qc1+ 67. Kh2 Qb2 68. Kg2 Qc2 69. Rf3 Kg8 70. h4 Qd1
71. Rg5 Qe2 72. h5 Kh7 73. Rfg3 Qe4+ 74. Kh2 Qh4+ 75. Kg1 Kh8 76. R3g4 Qh3 77.
h6 g6 78. Rxg6 Qf3 79. Bd4+ Kh7 80. Rg7+ 1-0